000 01166nam a2200241Ia 4500
003 OSt
005 20211125125127.0
008 210310s1995 ck ad gr 000 0 spa d
040 _aCO-JMCR
_cCO-JMCR
041 0 _aspa
082 0 4 _a336.2714 /
_bG215m
_223
100 1 _aGarcía Lepe, Carlos
_eautor
_929123
245 1 0 _aModalidades de la enajenación en IVA /
_cCarlos García Lepe, Ricardo Hernández Salcedo
260 _aBogotá :
_bIndetec,
_c1995
300 _a550 páginas :
_bilustraciones y gráficas en blanco y negro ;
_c26 cm.
501 _aCon: notas a pie de página.
505 0 _aLa enajenación en el impuesto al valor agregado. -- Compraventa. -- Permuta. -- Donación. -- Mutuo. -- Fideicomiso. -- Arrendamiento financiero. -- Factoraje financiero. -- Reparto. -- Cesión de derechos. -- Endoso. -- Aportación social. -- Fusión -- Escisión. -- Sucesiones. -- Adjudicación. Faltantes en inventarios y adquisiciones no registradas
650 1 4 _aImpuesto al valor agregado.
_941685
650 2 4 _aCompraventa
_99834
650 2 4 _aAportaciones sociales
_941686
700 1 _aHernández Salcedo, Ricardo
_eautor
_941687
942 _2ddc
_cBK
999 _c12753
_d12753